| 000 | 00773nam a2200241 a 4500 | ||
|---|---|---|---|
| 008 | |||
| 020 | _a0070497974 (pbk.) | ||
| 049 | _aMAIN | ||
| 090 | 0 |
_aQA76.73.C25 _bPHI |
|
| 100 | 1 | _aPhilippakis, Andreas S. | |
| 245 | 1 | 0 |
_aStructured COBOL / _cAndreas S. Philippakis, Leonard J. Kazmier. |
| 260 |
_aNew York : _bMcGraw-Hill, _cc1977. |
||
| 300 |
_axiv, 446 p. ; _c23 cm. |
||
| 500 | _aPublished in 1973 under title: COBOL for business applications. | ||
| 500 | _aIncludes index. | ||
| 650 | 0 | _aCOBOL (Computer program language). | |
| 700 | 1 |
_aKazmier, Leonard J., _ejoint author. |
|
| 907 |
_a.b10089196 _b04-03-22 _c17-09-03 |
||
| 003 | |||
| 005 | 20230123133423.0 | ||
| 040 | _cNUST | ||
| 942 |
_cBOOKS _kQA76.73.C25 _mPHI |
||
| 999 |
_c148295 _d148295 |
||